Form and meaning in word formation : a study of Afrikaans reduplication /

Bibliographic Details
Main Author: Botha, Rudolf P.
Format: Book
Language:English
Published: New York ; Cambridge : Cambridge University Press, 1988.
Series:Cambridge studies in linguistics. Supplementary volume.
Subjects:

MARC

Tag First Indicator Second Indicator Subfields
LEADER 00000cam a22000008a 4500
001 in00000018936
005 20151007054118.0
008 870911s1988 nyu b 00110 eng
010 |a  87026811  
020 |a 0521352606 
035 |a (OCoLC)16756273 
035 |9 AAB4017AM 
040 |a DLC  |c DLC  |d TXA  |d UtOrBLW 
049 |a TXAM  |c [A11495689] 
050 0 0 |a PF861  |b .B674 1988 
082 0 |a 439.3/65  |2 19 
100 1 |a Botha, Rudolf P. 
245 1 0 |a Form and meaning in word formation :  |b a study of Afrikaans reduplication /  |c Rudolf P. Botha. 
263 |a 8802 
264 1 |a New York ;  |a Cambridge :  |b Cambridge University Press,  |c 1988. 
300 |a x, 187 pages 
336 |a text  |b txt  |2 rdacontent 
337 |a unmediated  |b n  |2 rdamedia 
338 |a volume  |b nc  |2 rdacarrier 
490 1 |a Cambridge studies in linguistics. Supplementary volume 
504 |a Bibliography: pages [176]-184. 
500 |a Includes index. 
650 0 |a Afrikaans language  |x Reduplication. 
650 0 |a Afrikaans language  |x Word formation. 
700 1 |a Botha, Rudolf P.  |t Galilean analysis of Afrikaans reduplication. 
730 0 |a Cambridge studies in linguistics. 
830 0 |a Cambridge studies in linguistics.  |p Supplementary volume. 
999 |a MARS 
999 f f |s 5a6fed63-c12c-31f9-8cdf-8bd22f94f9af  |i 1e25c3cc-f70d-355b-9ec2-a277f1905eb6  |t 0 
952 f f |p ric  |a Texas A&M University  |b Rellis Campus  |c Joint Library Facility  |s JLF  |d Remote Storage  |t 0  |e PF861 .B674 1988  |h Library of Congress classification  |i unmediated -- volume  |m A14811495689 
998 f f |a PF861 .B674 1988  |t 0  |l Remote Storage